Cuatro concursos de arquitectura pública

Furkejuvvon:
Bibliográfalaš dieđut
Searvvušdahkki: Ministerio de Obras Públicas (Dahkki)
Materiálatiipa: Girji
Giella:espánnjágiella
Almmustuhtton: Santiago Arquitectura MOP 2008
Preanttus:1a. ed
Fáttát:
Fáddágilkorat: Lasit fáddágilkoriid
Eai fáddágilkorat, Lasit vuosttaš fáddágilkora!

MARC

LEADER 00000nam a2200000 a 4500
001 UCI9988
003 CL-VaPUC
008 090108e20080000CL |||||||||||||||||spa|d
082 0 4 |a 720.2  |b MIN  |2 21 
110 2 |a Ministerio de Obras Públicas  |e author  |9 534062 
245 1 0 |a Cuatro concursos de arquitectura pública 
250 |a 1a. ed 
300 |a 141 p 
942 |c BK 
945 |d 20090108 00:00:00  |a rbrito 
260 |a Santiago  |b Arquitectura MOP  |c 2008 
650 0 |a Arquitectura   |v Proyectos  |9 464707 
650 7 |a URBANISMO PROYECTOS  |2 CL-VaPUC  |9 464708 
650 0 |a Planos arquitectónicos  |9 268148 
650 7 |a DIBUJOS ARQUITECTONICOS  |2 CL-VaPUC  |9 534063 
651 7 |a CHILE  |2 CL-VaPUC  |9 534064 
583 |a last modification  |c 20090108 00:00:00  |k Rodrigo Vera 
999 |c 332411  |d 332409 
952 |0 0  |1 0  |4 0  |6 720_200000000000000_MIN_2008  |7 0  |8 A  |9 420088  |a BIBARQ  |b BIBARQ  |d 2019-11-22  |i 4510062  |o 720.2 MIN 2008  |p 4510062  |r 2025-01-20  |w 2019-11-22  |y BK  |k ARQ 
952 |0 0  |1 0  |4 0  |6 720_200000000000000_MIN_2008  |7 0  |8 A  |9 420089  |a BIBARQ  |b BIBARQ  |d 2019-11-22  |i 4651294  |o 720.2 MIN 2008  |p 4651294  |r 2025-01-20  |w 2019-11-22  |y BK  |k ARQ